Statistics for Category Elimination - Elements

Click here to take the quiz!

General Stats

  • This quiz has been taken 41,193 times
  • The average score is 11 of 20

Answer Stats

Group#Category% Correct
Green79Elements ending in "ium"
100%
Green26... with an atomic number below 50
95%
Blue59Elements discovered before 1850
85%
Purple104Elements with a 2-letter symbol
84%
Orange38Elements which are transition metals
80%
Blue20... with an atomic number above 49
74%
Green9... in the 4th row of the Periodic Table
67%
Blue8... with at most 6 letters in its name
64%
Orange13... containing the letter A
57%
Green2... whose symbol is a single letter
51%
Purple29... which are Actinides or Lanthanides
46%
Green1... with 9 letters in its namePotassium
44%
Orange5... with an odd atomic number
43%
Purple9... with 10 or more letters in its name
40%
Purple4... which was discovered after 1945
36%
Blue2... in the 5th row of the Periodic Table
34%
Orange3... which was discovered after 1800
25%
Purple1... and not named after a personCalifornium
24%
Blue1... whose symbol is a single letterIodine
21%
Orange1... which does not end in "dium"Tantalum
11%

Score Distribution

Percentile by Number Answered

Percent of People with Each Score

Your Score History

You have not taken this quiz